Evénements du 11 février - Statistiques

Statistiques générales
  • Ce quiz a été pris 31 fois
  • Le résultat moyen est 8 sur 15
Statistiques - réponses
Hint Réponse % Correct
Victoire de Napoléon à Montmirail 1814
78%
Benoit XVI renonce à sa charge de pape 2013
78%
Henri VIII et Charles-Quint s'allient contre la France 1543
74%
Naissance de Serge Lama 1943
74%
Libération de Nelson Mandela 1990
74%
Démission d'Hosni Moubarak 2011
74%
Naissance de Paul Bocuse 1926
61%
Fondation mythique du Japon 600 avant J.C.
61%
Naissance de Thomas Edison 1847
52%
Le SMIG entre en vigueur en France 1950
52%
Abdication de la reine Christine de Suède 1654
39%
Naissance du poète Marie-Joseph Chénier 1764
35%
Création de la Symphonie n°9 d'Anton Bruckner 1903
22%
Abdication du roi Amédée 1er d'Espagne 1873
17%
Naissance de Farouk 1er, roi d'Egypte 1920
4%
Aucun quiz correspondant
Distribution des résultats
% des personnes avec chaque résultat
Percentile par nombre de réponses
Votre historique - résultats
Vous n’avez pas pris ce quiz